A Preface to Marketing Management (Record no. 2704)

MARC details
005 - DATE AND TIME OF LATEST TRANSACTION
control field 20250527083126.0
020 ## - INTERNATIONAL STANDARD BOOK NUMBER
International Standard Book Number 9787-0-07-338096-4
082 ## - DEWEY DECIMAL CLASSIFICATION NUMBER
Classification number 658.8 PET
100 ## - MAIN ENTRY--PERSONAL NAME
Author name PETER, J . P .
245 ## - TITLE STATEMENT
Title A Preface to Marketing Management
250 ## - EDITION STATEMENT
Edition statement 11th Ed
260 ## - PUBLICATION, DISTRIBUTION, ETC.
Place of publication, distribution, etc. Boston,
Name of publisher, distributor, etc. McGraw-Hill,
Date of publication, distribution, etc. 2008.
300 ## - PHYSICAL DESCRIPTION
Extent xiv, 252p.: ill.; figure,
Other physical details index,
Dimensions 26cm.
700 ## - ADDED ENTRY--PERSONAL NAME
Other authors/Editors DONNELLY,Jr. J . H.
942 ## - ADDED ENTRY ELEMENTS (KOHA)
Source of classification or shelving scheme Dewey Decimal Classification
Koha item type Books
Holdings
Date last seen Total checkouts Full call number Barcode Cost, replacement price Price effective from Koha item type Lost status Source of classification or shelving scheme Damaged status Not for loan Withdrawn status Home library Current library Shelving location Date acquired Cost, normal purchase price
05/27/2025   658.8 PET 00000010190 90000.00 05/27/2025 Books   Dewey Decimal Classification       College of Business Education Main Library College of Business Education Main Library General Collection 07/16/2012 30000.00
05/27/2025   658.8 PET 00000010191 90000.00 05/27/2025 Books   Dewey Decimal Classification       College of Business Education Main Library College of Business Education Main Library General Collection 07/16/2012 30000.00
05/27/2025   658.8 PET 00000010192 90000.00 05/27/2025 Books   Dewey Decimal Classification       College of Business Education Main Library College of Business Education Main Library General Collection 07/16/2012 30000.00
05/27/2025   658.8 PET 00000010193 90000.00 05/27/2025 Books   Dewey Decimal Classification       College of Business Education Main Library College of Business Education Main Library General Collection 07/16/2012 30000.00
05/27/2025   658.8 PET 00000010194 90000.00 05/27/2025 Books   Dewey Decimal Classification       College of Business Education Main Library College of Business Education Main Library General Collection 07/16/2012 30000.00